Central Problems of Medieval Jewish Philosophy /
This book deals with central issues of medieval Jewish philosophy. Among the subjects treated are divine immanence, the intellect, miracles, and esoteric writing and its limits. The work provides a new perspective on the history of Jewish philosophy in the Middle Ages. Relying on many as yet unpubli...
المؤلف الرئيسي:
التنسيق: كتاب الكتروني
اللغة: English
منشور في:
Leiden; Boston :
BRILL,
2005.
سلاسل:
Brill Book Archive Part 1, ISBN: 9789004472495.
The Brill Reference Library of Judaism ;
26.
الموضوعات:
الوصول للمادة أونلاين: Login to view Source
الوسوم: إضافة وسم
رقم الطلب: B755
| LEADER | 02238nam a22004691i 4500 | ||
|---|---|---|---|
| 001 | BRILL9789047416845 | ||
| 003 | nllekb | ||
| 005 | 20220208174516.0 | ||
| 006 | m d | ||
| 007 | cr un uuuua | ||
| 008 | 210731s2005 ne sb 001 0 eng d | ||
| 010 | |z 2005029860 | ||
| 020 | |a 9789047416845 |q (electronic book) | ||
| 020 | |a 9789004148055 |q (print) | ||
| 024 | 7 | |a 10.1163/9789047416845 |2 DOI | |
| 035 | |a (OCoLC)1164372655 | ||
| 040 | |a NL-LeKB |c NL-LeKB |e rda | ||
| 050 | 4 | |a B755 | |
| 072 | 7 | |a HRJ |2 bicssc | |
| 072 | 7 | |a REL |x 040000 |2 bisacsh | |
| 082 | 0 | 4 | |a 181/.06 |2 23 |
| 100 | 1 | |a Schwartz, Dov, |e author. | |
| 245 | 1 | 0 | |a Central Problems of Medieval Jewish Philosophy / |c Dov Schwartz. |
| 264 | 1 | |a Leiden; |a Boston : |b BRILL, |c 2005. | |
| 300 | |a 1 online resource. | ||
| 336 | |a text |b txt |2 rdacontent | ||
| 337 | |a computer |b c |2 rdamedia | ||
| 338 | |a online resource |2 rdacarrier | ||
| 490 | 1 | |a Brill Book Archive Part 1, ISBN: 9789004472495 | |
| 490 | 1 | |a The Brill Reference Library of Judaism ; |v 26 | |
| 504 | |a Includes bibliographical references and index. | ||
| 520 | |a This book deals with central issues of medieval Jewish philosophy. Among the subjects treated are divine immanence, the intellect, miracles, and esoteric writing and its limits. The work provides a new perspective on the history of Jewish philosophy in the Middle Ages. Relying on many as yet unpublished manuscripts, which enable it to offer new insights relating to such thinkers as Judah Halevi, Maimonides, and Gersonides, it also presents a new and original perception of the dynamics of Jewish thought in general. | ||
| 588 | |a Description based on print version record. | ||
| 650 | 0 | |a Jewish philosophy. | |
| 650 | 0 | |a Philosophy, Medieval. | |
| 776 | 0 | 8 | |i Print version: |t Central Problems of Medieval Jewish Philosophy. |d Leiden ; Boston : BRILL, 2005 |z 9789004148055 |w (OCoLC)62127789 |
| 830 | 0 | |a Brill Book Archive Part 1, ISBN: 9789004472495. | |
| 830 | 0 | |a The Brill Reference Library of Judaism ; |v 26. | |
| 856 | 4 | |z DOI: |u http://dx.doi.org/10.1163/9789047416845 | |
| 942 | |2 lcc |c EBOOK | ||
| 952 | |0 0 |1 0 |2 lcc |4 0 |7 1 |9 32940 |a BRILL |b BRILL |d 2022-02-08 |l 0 |r 2022-02-08 00:00:00 |w 2022-02-08 |y EBOOK | ||
| 999 | |c 41370 |d 41370 | ||
